000 01110nam a2200301 4500
001 0000016744
003 CO-CtgCURN
005 20250331191036.0
007 ta
008 160627s1997 000 0 eng d
020 _a3488386109
040 _aCO-CtgCURN
_bspa
_ccoctgcurn
082 0 _a724
_bT229e
100 1 _aTaut, Bruno.
245 1 0 _aEscritos 1919-1920 :
_bla corona de la ciudad, arquitectura alpina, el constructor del mundo, la disolucion de las ciudades /
_cBruno Taut , traducción de María Dolores Abalos.
260 _aMadrid :
_bEl Croquis,
_c1997.
300 _a299 p.
336 _2rdacontent
337 _2rdamedia
_asin mediacion
_bn
338 _2rdacarrier
_avolumen
_bnc
490 1 _aBiblioteca de arquitectura ;
_v6
505 8 _aLa corona de la ciudad.--Arquitectura alpina.--El constructor del mundo.--La disolucion de las ciudades
650 1 4 _aArquitectura moderna
_vEnsayos, conferencias, etc.
700 1 _aAbalos, María Dolores.
908 _a160627
942 _cBK
_h724
_iT229e
_2ddc
999 _c25518
_d25518